Visualizzazione normale
Vista MARC
- Strauss Johann Jr.
di Personal Name
Records bibliografici associati: 10
001 - CONTROL NUMBER
- control field: 5717
003 - CONTROL NUMBER IDENTIFIER
- control field: IT-RoPau
005 - DATE AND TIME OF LATEST TRANSACTION
- control field: 20131217092824.0
008 - FIXED-LENGTH DATA ELEMENTS
- fixed length control field: 131217|| aca||aabn | a|a d
040 ## - CATALOGING SOURCE
- Original cataloging agency: IT-RoPau
- Transcribing agency: IT-RoPau
100 ## - HEADING--PERSONAL NAME
- Personal name: Strauss Johann Jr.
670 ## - SOURCE DATA FOUND
- Source citation: Work cat.: (IT-RoPau)103126: Strauss Johann Jr., Vienna Imperial-New Year's Concert 1970 (Lp Sxl 6419)